| 000 | 00464cam a22001097a 4500 | ||
|---|---|---|---|
| 008 | 180718b1957 xxu||||| |||| 00| 0 eng d | ||
| 082 | _aR096 In8n /1956-57/2 | ||
| 245 |
_aActivities of the I.L.O., 1956-57: report of the director- general to the fortieth session of the international labour conference, Eleventh report _cby International Labour Office |
||
| 260 |
_aGeneva _bInternational Labour Office _c1957 |
||
| 300 | _a97p. | ||
| 700 | _aInternational Labour Office | ||
| 999 |
_c496176 _d496176 |
||